Kurumsal yönetim en iyi uygulama kodu: yönetim kurulunun yapısı ve işleyişi (Record no. 5932)

MARC details
000 -BAŞLIK
Sabit Uzunlukta Kontrol Alanı 00665na a2200217 4500
001 - KONTROL NUMARASI
Denetim Alanı 18973
003 - KONTROL NUMARASI IDENTIFIER
Denetim Alanı MIRAKIL
005 - SON İŞLEM TARİHİ VE ZAMANI
Denetim Alanı 20181213155051.0
008 - SABİT-BOY VERİ ELEMANLARI - GENEL BİLGİLER
Sabit Uzunlukta Kontrol Alanı 161206b tu 000 0
020 ## - ULUSLARARASI STANDART KİTAP NUMARASI
Uluslararası Standart Kitap Numarası 9758458442
040 ## - KATALOGLAMA KAYNAK
Orijinal Kataloglama Ajansı Milas
Kataloglama Dili tur
Metne Dönüştürmek Ajansı TR-AnCHP
041 ## - DİL KODU
Metin / Ses Parça Veya Ayrı Başlığın Dil Kodu tur
082 ## - DEWEY ONLU SINIFLANDIRMA NUMARASI
Sınıflandırma Numarası 658.422
Ürün Numarası K26 2002
090 ## - SINIFLAMA NUMARASI
Sınıflama Numarası 658.422 K26 2002
245 ## - BAŞLIK TABLOSU
Başlık Kurumsal yönetim en iyi uygulama kodu: yönetim kurulunun yapısı ve işleyişi
260 ## - YAYIN, DAĞITIM, VB
Yayın, Dağıtım, Vb Yeri Ankara
Yayıncı, Dağıtıcı, Vs Adı TÜSİAD
Yayın, Dağıtım, Vb Tarihi 2002
300 ## - FİZİKSEL TANIM
Kapsam 39 s.
Boyutlar 28 sm
490 ## - SERİSİ TABLOSU
Seri Beyanı Türk Sanayicileri ve İş Adamları Derneği
Hacim / Ardışık Tanımı yayın no. TÜSİAD-T/2002-12/336
650 ## - KONU KATMA GİRİŞ - TOPİKAL DÖNEM
Topikal Süreli Veya Coğrafi Ad Giriş Elemanı Genel yönetim
Genel Alt Bölümü Yönetim kurulları
942 ## - EKLENDİ GİRİŞ ELEMANLARI (KOHA)
Sınıflandırma Veya Raf Düzeni Kaynak Dewey Decimal Classification
Koha Öğesi Türü Books
999 ## - SİSTEM KONTROL NUMARALARI (KOHA)
Koha Biblionumber 5932
Koha Biblioitemnumber 5932
Holdings
Kalıcı Konum Mevcut Konum Edinme Tarihi Edinim Kaynak Toplam Check-Out'Lar Tam Çağrı Numarası Barkod Tarih Son Görülme İtibaren Geçerli Fiyatlar Koha Öğesi Türü Kopya Sayısı
CHP Kütüphanesi CHP Kütüphanesi 12/06/2016 Bağış   658.422 K26 2002 010173 12/06/2016 12/06/2016 Books  
CHP Kütüphanesi CHP Kütüphanesi 12/06/2016 Bağış   658.422 K26 2002 010174 12/06/2016 12/06/2016 Books k.2